000 00545nam a2200205Ia 4500
003 OSt
005 20240401121626.0
008 210210b1967 xxu||||| |||| 00| 0 eng d
040 _cAL
041 _aKannada
082 _a859/1495
100 _aRAJARATNAM (G P)
_9137204
_dರಾಜರತ್ನಂ ಜಿ ಪಿ.
245 _aTenali rama
_bತೆನಾಲಿ ರಾಮ
260 _aBengaluru
_b-
_c1967
650 _aTenAli
_9137205
650 _arAma
_9137206
690 _aKannada Fiction
_9137207
906 _a022225
942 _2ddc
_cBK
999 _c146360
_d146360